| 000 | 00790nam a22002057a 4500 | ||
|---|---|---|---|
| 999 |
_c187072 _d187072 |
||
| 005 | 20220330143626.0 | ||
| 010 | _aENG-132165 | ||
| 020 |
_a9789391370855 _c1295.00 |
||
| 035 | _aEN-115697 | ||
| 037 | _bDBAD/PUB | ||
| 082 | _a305.908 | ||
| 245 |
_aUnderstanding Vulnerabilities in Contemporary Society: _bPsychological Insights and Reflections/ _cEdited by Nandita Baby, Anand Prakash and Ishita U. Bharadwaj |
||
| 260 |
_aNew Delhi _bSage Publication India Pvt Ltd _c2021 |
||
| 270 |
_aB-I/I-I, Mohan Cooperative Industrial Area, Mathura Road _bNew Delhi _e110044 |
||
| 300 |
_axxv, 327p _bindex _c22cm(hbk) |
||
| 700 | _aEdited by Babu, Nandita | ||
| 700 | _aEdited by Prakash, Anand | ||
| 700 | _aEdited by Bharadwaj, Ishita U. | ||
| 942 |
_2ddc _cEN _mUND _h305.908 |
||